Statistics for Mafia Mob Gangland nicknames

Click here to take the quiz!

General Stats

  • This quiz has been taken 10 times
  • The average score is 6 of 18

Answer Stats

HintAnswer% Correct
Charles "________" LucianoLucky
86%
Kate "______" BarkerMa
71%
Benjamin "________" SiegelBugsy
57%
Sammy "______ ______" GravanoThe Bull
57%
Al "______" CaponeScarface
57%
"The Teflon Don"John Gotti
57%
Lester Gillis, AKA George "______ ______" NelsonBaby Face
43%
James "________" BulgerWhitey
43%
Jack "________" DiamondLegs
29%
George Francis Barnes, Jr., AKA "______ ______ Kelly"Machine Gun
29%
Benjamin "______ Guns" RuggieroLefty
14%
Vincent "______ ______" GiganteThe Chin
14%
Vincent "______ ______" CollMad Dog
14%
Albert "The ________" AnastasiaExecutioner
14%
Anthony "________" CassoGaspipe
14%
Arthur Flegenheimer, AKA "______ ______"Dutch Schultz
0%
Joseph Bonanno - "______ ______"Joe Bananas
0%
Frank "______ ______" NittiThe Enforcer
0%

Score Distribution

Percentile by Number Answered

Percent of People with Each Score

Your Score History

You have not taken this quiz